| 000 | 00494cam a22001457a 4500 | ||
|---|---|---|---|
| 999 |
_c508632 _d508632 |
||
| 008 | 180718b-- xxu||||| |||| 00| 0 eng d | ||
| 082 | _aL806x5433 A/1992-93 | ||
| 100 |
_aPunjab. Comptroller and Auditor General of India _93281 |
||
| 245 | _aAppropriation accounts, Punjab, 1992-93 | ||
| 260 |
_aChandigarh _bComptroller and Auditor General of India _c1993 |
||
| 300 | _a234p. | ||
| 500 | _aLibrary has 1991/92-2008/09 | ||
| 650 |
_aPunjab - Appropriations and expenditures _94074 |
||
| 942 | _2ddc | ||